000 00555nam a22001937a 4500
999 _c1067
_d1067
003 OSt
005 20201016105758.0
008 160524b xxu||||| |||| 00| 0 eng d
020 _a851573711
040 _aMMU
_beng
_cMMU
_dMMU
050 _aZ791 .A1W48 1986
100 _aWhiteman, Phillip
245 _aPublic Libraries Since 1945 :
_bthe impact of the McColvin report /
_cPhilip Whiteman.
260 _aLondon :
_bClive Bingley ,
_c1986.
300 _a219 p. :
500 _aIncludes Index
650 _aPublic Libraries
942 _2lcc
_cLOAN LOAN